| 000 | 00674nam a2200217 u 4500 | ||
|---|---|---|---|
| 005 | 20241127063733.0 | ||
| 008 | 100212s2007 r 000 0 eng d | ||
| 020 | _a9789709779110 | ||
| 035 | _aUPN01000174708 | ||
| 049 | _aCG | ||
| 050 | 4 |
_aQP141 _bF5.2 |
|
| 100 | 1 | _aFlores Viladroza, Leticia | |
| 245 | 1 | 0 |
_aAlimentación inteligente : _bmanual de alimentación saludable para todas las edades / _cLeticia Flores Viladroza. |
| 260 |
_aMéxico : _bProducciones Educación Aplicada, _c2007. |
||
| 300 |
_a271 p. : _bil. |
||
| 650 | 4 |
_aNutrición _92193 |
|
| 650 | 7 |
_aDieta _2 _92192 |
|
| 650 | 7 |
_aHábitos alimenticios _2 _91358 |
|
| 905 | _aLibro | ||
| 999 |
_c146812 _d146812 |
||